Hitotsubashi journal of economics

Salvato in:
Dettagli Bibliografici
Natura: Periodico
Lingua:inglese
Pubblicazione: Tokyo Hitotsubashi Academy Hitotsubashi University 1998
Soggetti:
Tags: Aggiungi Tag
Nessun Tag, puoi essere il primo ad aggiungerne!!

MARC

LEADER 00000nas2a2200000 4500
001 s122263
005 20231103122522.4
022 |a 0018-280X 
041 0 |a eng 
044 |a JP 
245 1 0 |a Hitotsubashi journal of economics 
264 1 |a Tokyo  |b Hitotsubashi Academy Hitotsubashi University  |c 1998 
300 |a 1 zv. 
773 0 |w eu_un_cat*s120199 
610 2 0 |a politika hospodárska